|
|
|
|
| LEADER |
00772pam a22002418a 4500 |
| 001 |
00030220 |
| 005 |
20171026081022.0 |
| 008 |
121227s2009 ||||||viesd |
| 020 |
|
|
|c 176000
|
| 041 |
0 |
# |
|a vie
|
| 082 |
1 |
4 |
|a 803
|b T550Đ
|
| 100 |
1 |
# |
|a Lê, Huy Bắc
|e Chủ biên
|
| 245 |
1 |
0 |
|a Từ điển văn học nước ngoài
|b Tác gia- tác phẩm
|c Lê Huy Bắc (ch.b)
|
| 260 |
# |
# |
|a H.
|b Giáo Dục
|c 2009
|
| 300 |
# |
# |
|a 1023 tr.
|c 24 cm.
|
| 653 |
# |
# |
|a Tác giả
|
| 653 |
# |
# |
|a Tác phẩm
|
| 653 |
# |
# |
|a Từ điển
|
| 653 |
# |
# |
|a Văn học nước ngoài
|
| 852 |
# |
# |
|b Kho đọc
|j KD.0014274
|
| 852 |
# |
# |
|j KD.0014274
|
| 910 |
|
|
|d 27/12/2012
|
| 980 |
# |
# |
|a Trung tâm Học liệu Lê Vũ Hùng, Trường Đại học Đồng Tháp
|